<?xml version="1.0" encoding="UTF-8"?>
<record
    xmlns:xsi="http://www.w3.org/2001/XMLSchema-instance"
    xsi:schemaLocation="http://www.loc.gov/MARC21/slim http://www.loc.gov/standards/marcxml/schema/MARC21slim.xsd"
    xmlns="http://www.loc.gov/MARC21/slim">

  <leader>01038nam a22002657a 4500</leader>
  <datafield tag="952" ind1=" " ind2=" ">
    <subfield code="0">0</subfield>
    <subfield code="1">0</subfield>
    <subfield code="2">ddc</subfield>
    <subfield code="4">0</subfield>
    <subfield code="7">0</subfield>
    <subfield code="a">0001</subfield>
    <subfield code="b">0001</subfield>
    <subfield code="d">2019-01-22</subfield>
    <subfield code="l">0</subfield>
    <subfield code="o">923.1561 &#x130;n&#xF6;n&#xFC;,&#x130; T86i 2003</subfield>
    <subfield code="p">018730</subfield>
    <subfield code="r">2019-01-22 00:00:00</subfield>
    <subfield code="w">2019-01-22</subfield>
    <subfield code="y">BKS</subfield>
  </datafield>
  <datafield tag="999" ind1=" " ind2=" ">
    <subfield code="c">12617</subfield>
    <subfield code="d">12617</subfield>
  </datafield>
  <controlfield tag="003">TR-AnCHP</controlfield>
  <controlfield tag="005">20211214000606.0</controlfield>
  <controlfield tag="008">050307s2004    tu       b    001 0 tur  </controlfield>
  <datafield tag="020" ind1=" " ind2=" ">
    <subfield code="a">9757479918</subfield>
  </datafield>
  <datafield tag="040" ind1=" " ind2=" ">
    <subfield code="a">TVV</subfield>
    <subfield code="c">TVV</subfield>
  </datafield>
  <datafield tag="082" ind1=" " ind2=" ">
    <subfield code="a">923.1561 &#x130;n&#xF6;n&#xFC;, &#x130;</subfield>
    <subfield code="b">T86i 2003</subfield>
  </datafield>
  <datafield tag="100" ind1="1" ind2=" ">
    <subfield code="a">Turan, &#x130;lhan.</subfield>
  </datafield>
  <datafield tag="245" ind1="1" ind2="0">
    <subfield code="a">&#x130;smet &#x130;n&#xF6;n&#xFC;:</subfield>
    <subfield code="b">konu&#x15F;ma, deme&#xE7;, makale, mesaj ve s&#xF6;yle&#x15F;ileri 1933-1938 /</subfield>
    <subfield code="c">&#x130;lhan Turan.</subfield>
  </datafield>
  <datafield tag="260" ind1=" " ind2=" ">
    <subfield code="a">Ankara:</subfield>
    <subfield code="b">TBMM K&#xFC;lt&#xFC;r Sanat ve Yay&#x131;n Kurulu Yay&#x131;nlar&#x131;,</subfield>
    <subfield code="c">2003.</subfield>
  </datafield>
  <datafield tag="300" ind1=" " ind2=" ">
    <subfield code="a">xxv&#x131;, 445 s. ;</subfield>
    <subfield code="c">24 cm.</subfield>
  </datafield>
  <datafield tag="490" ind1="1" ind2=" ">
    <subfield code="a">TBMM K&#xFC;lt&#xFC;r Sanat ve Yay&#x131;n Kurulu Yay&#x131;nlar&#x131;;</subfield>
    <subfield code="v">no. 98.</subfield>
  </datafield>
  <datafield tag="504" ind1=" " ind2=" ">
    <subfield code="a">Kaynak&#xE7;a ve dizin vard&#x131;r.</subfield>
  </datafield>
  <datafield tag="505" ind1="1" ind2=" ">
    <subfield code="g">c. 1.</subfield>
    <subfield code="t">1933-1938. </subfield>
  </datafield>
  <datafield tag="600" ind1="1" ind2="0">
    <subfield code="a">&#x130;n&#xF6;n&#xFC;, &#x130;smet,</subfield>
    <subfield code="d">1884-1973</subfield>
    <subfield code="v">S&#xF6;ylev ve deme&#xE7;ler</subfield>
  </datafield>
  <datafield tag="650" ind1=" " ind2="0">
    <subfield code="a">&#x130;n&#xF6;n&#xFC;, &#x130;smet,</subfield>
    <subfield code="d">1884-1973</subfield>
    <subfield code="x">konu&#x15F;malar</subfield>
  </datafield>
  <datafield tag="650" ind1=" " ind2="0">
    <subfield code="a">Siyaset ve y&#xF6;netim</subfield>
    <subfield code="x">T&#xFC;rkiye</subfield>
    <subfield code="9">9</subfield>
  </datafield>
  <datafield tag="650" ind1=" " ind2="0">
    <subfield code="a">Siyaset&#xE7;iler</subfield>
    <subfield code="9">5055</subfield>
    <subfield code="x">T&#xFC;rkiye</subfield>
    <subfield code="x">S&#xF6;ylev ve deme&#xE7;ler</subfield>
  </datafield>
  <datafield tag="830" ind1=" " ind2="0">
    <subfield code="a">TBMM K&#xFC;lt&#xFC;r, Sanat ve Yay&#x131;n Kurulu Yay&#x131;nlar&#x131;;</subfield>
    <subfield code="v">98.</subfield>
    <subfield code="n">v.1</subfield>
    <subfield code="t">&#x130;smet &#x130;n&#xF6;n&#xFC;.</subfield>
  </datafield>
  <datafield tag="942" ind1=" " ind2=" ">
    <subfield code="2">ddc</subfield>
    <subfield code="c">BKS</subfield>
  </datafield>
</record>
